[Event "Karposh Open  2012"]
[Site "Skopje MKD"]
[Date "2012.04.08"]
[Round "3.10"]
[White "Bogdanovski, Vlatko"]
[Black "Nevednichy, Vladislav"]
[Result "1-0"]
[WhiteElo "2435"]
[BlackElo "2562"]
[PlyCount "133"]
[EventDate "2012.04.07"]
[EventType "swiss"]
[EventRounds "9"]
[Source "lmi"]
[SourceDate "2012.04.07"]

1. d4 Nf6 2. Nf3 g6 3. Bg5 Bg7 4. Nbd2 O-O 5. c3 d6 6. e4 c5 7. dxc5 dxc5 8.
Be2 Nc6 9. O-O Qc7 10. Qc2 h6 11. Bh4 Nh5 12. Rfe1 b6 13. Nc4 Nf4 14. Bf1 Bg4
15. Nfd2 g5 16. Bg3 e6 17. a4 Bh5 18. Qb3 Rfd8 19. f3 Bg6 20. Red1 Rab8 21. Qb5
h5 22. Nb3 Rxd1 23. Rxd1 h4 24. Bxf4 gxf4 25. a5 bxa5 26. Qa4 Bf8 27. Rd2 f5
28. exf5 Bxf5 29. Nbxa5 Nxa5 30. Qxa5 Qxa5 31. Nxa5 Rb6 32. Bc4 Kf7 33. Kf2 Kf6
34. Ke2 h3 35. gxh3 Bxh3 36. Bd3 a6 37. Kd1 Be7 38. Kc2 Rb8 39. Nc6 Rb6 40. Be4
Bf5 41. Bxf5 Rxc6 42. Be4 Rb6 43. h4 Rb8 44. h5 Kg5 45. Bg6 Rb7 46. Rg2+ Kh6
47. Bf7 Rb6 48. Re2 Rc6 49. Be8 Rb6 50. Kd3 a5 51. Kc4 a4 52. Bf7 Bf8 53. Rg2
Kh7 54. Be8 e5 55. Kd5 a3 56. bxa3 Rb3 57. a4 Rxc3 58. Bg6+ Kh6 59. Be4 Ra3 60.
Rg8 Be7 61. Rh8+ Kg5 62. h6 Rxa4 63. h7 Bf6 64. Rf8 Bg7 65. h8=Q Bxh8 66. Rxh8
Rd4+ 67. Kxe5 1-0

[Event "Karposh Open  2012"]
[Site "Skopje MKD"]
[Date "2012.04.08"]
[Round "3.12"]
[White "Georgiev, Vladimir"]
[Black "Vojinovic, Goran"]
[Result "1/2-1/2"]
[WhiteElo "2531"]
[BlackElo "2429"]
[PlyCount "27"]
[EventDate "2012.04.07"]
[EventType "swiss"]
[EventRounds "9"]
[Source "lmi"]
[SourceDate "2012.04.07"]

1. d4 e6 2. c4 f5 3. a3 Nf6 4. Nc3 Be7 5. Nf3 O-O 6. Qc2 d6 7. Bg5 Nbd7 8. h3
e5 9. g4 h6 10. dxe5 Nxe5 11. Nxe5 dxe5 12. Bxf6 Bxf6 13. gxf5 e4 14. Bg2
1/2-1/2

[Event "Karposh Open  2012"]
[Site "Skopje MKD"]
[Date "2012.04.08"]
[Round "3.13"]
[White "Savic, Miodrag R"]
[Black "D`costa, Lorin A R"]
[Result "1/2-1/2"]
[WhiteElo "2518"]
[BlackElo "2420"]
[PlyCount "142"]
[EventDate "2012.04.07"]
[EventType "swiss"]
[EventRounds "9"]
[Source "lmi"]
[SourceDate "2012.04.07"]

1. e4 c5 2. c3 d5 3. exd5 Qxd5 4. Nf3 g6 5. Na3 Bg7 6. Bc4 Qe4+ 7. Be2 Nf6 8.
O-O O-O 9. Re1 Nc6 10. Bc4 Qf5 11. Nc2 b6 12. d4 Bb7 13. Ne3 Qh5 14. Be2 cxd4
15. Nxd4 Qe5 16. Bf3 Qc7 17. Nec2 Rad8 18. Qe2 Nxd4 19. Nxd4 Bxf3 20. Nxf3 e6
21. Bg5 h6 22. Bh4 Rd5 23. c4 Rd7 24. Bg3 Qc5 25. Ne5 Rd4 26. b4 Qc8 27. Rad1
Rxd1 28. Rxd1 Nh5 29. Rc1 Qc7 30. Nf3 Nxg3 31. hxg3 Rd8 32. Qe4 Rd7 33. c5 bxc5
34. bxc5 Rd5 35. c6 g5 36. Qb4 Bf8 37. Qa4 Bc5 38. Kf1 Bb6 39. g4 Ra5 40. Qb3
Rd5 41. g3 Qd6 42. Kg2 Rc5 43. Rxc5 Qxc5 44. Qb2 Qxc6 45. Qf6 Qc5 46. Ne5 Qf8
47. Qf3 Bd4 48. Nc6 Qc5 49. Nb8 Qd5 50. Qxd5 exd5 51. Na6 Kg7 52. Nb4 Kf6 53.
Nxd5+ Ke5 54. Ne7 Bc5 55. Nf5 h5 56. Nh6 hxg4 57. Nxf7+ Kd4 58. Nxg5 Be7 59.
Nf7 a5 60. a4 Kc5 61. Ne5 Bd6 62. Nxg4 Kb4 63. Ne3 Kxa4 64. Nc4 Bb4 65. f4 Kb5
66. Nxa5 Bxa5 67. Kf3 Kc6 68. Ke4 Kd7 69. Kf5 Be1 70. g4 Bd2 71. g5 Ke7 1/2-1/2

[Event "Karposh Open  2012"]
[Site "Skopje MKD"]
[Date "2012.04.08"]
[Round "3.15"]
[White "Dastan, Muhammed Batuhan"]
[Black "Mastrovasilis, Dimitrios"]
[Result "0-1"]
[WhiteElo "2239"]
[BlackElo "2631"]
[PlyCount "62"]
[EventDate "2012.04.07"]
[EventType "swiss"]
[EventRounds "9"]
[Source "lmi"]
[SourceDate "2012.04.07"]

1. e4 c5 2. Nf3 Nc6 3. d4 cxd4 4. Nxd4 Qc7 5. Nc3 e6 6. a3 a6 7. Be3 b5 8. f4
Bb7 9. Nb3 d6 10. Be2 Nf6 11. Bf3 Be7 12. O-O O-O 13. Qe2 Rac8 14. Qf2 Rfe8 15.
Rfe1 Qb8 16. Rad1 Ba8 17. Qe2 Bd8 18. Rd2 Na5 19. Rd3 Nc4 20. Bc1 e5 21. f5 a5
22. Kh1 b4 23. axb4 axb4 24. Nd1 d5 25. Nf2 Nd6 26. Bg4 dxe4 27. Rg3 Qb5 28.
Qxb5 Nxb5 29. Bd1 Nd6 30. Bd2 Nxf5 31. Rg5 g6 0-1

[Event "Karposh Open  2012"]
[Site "Skopje MKD"]
[Date "2012.04.08"]
[Round "3.17"]
[White "Palac, Mladen"]
[Black "Erturan, Yakup"]
[Result "1-0"]
[WhiteElo "2593"]
[BlackElo "2370"]
[PlyCount "43"]
[EventDate "2012.04.07"]
[EventType "swiss"]
[EventRounds "9"]
[Source "lmi"]
[SourceDate "2012.04.07"]

1. e4 e5 2. Nf3 Nc6 3. Bb5 Nf6 4. O-O Nxe4 5. d4 Nd6 6. Bxc6 dxc6 7. dxe5 Nf5
8. Qxd8+ Kxd8 9. Rd1+ Ke8 10. b3 Be6 11. Nc3 h6 12. Ne2 Rd8 13. Bb2 Bc5 14.
Rxd8+ Kxd8 15. Nf4 Kc8 16. Rd1 g5 17. Nxe6 fxe6 18. Rd3 g4 19. Nd2 Rd8 20.
Rxd8+ Kxd8 21. Ne4 Be7 22. g3 1-0

[Event "Karposh Open  2012"]
[Site "Skopje MKD"]
[Date "2012.04.08"]
[Round "3.18"]
[White "Nestorovic, Lazar"]
[Black "Blagojevic, Dragisa"]
[Result "0-1"]
[WhiteElo "2374"]
[BlackElo "2523"]
[PlyCount "130"]
[EventDate "2012.04.07"]
[EventType "swiss"]
[EventRounds "9"]
[Source "lmi"]
[SourceDate "2012.04.07"]

1. e4 e5 2. Nf3 Nc6 3. d4 exd4 4. Nxd4 Nf6 5. Nc3 Bb4 6. Nxc6 bxc6 7. Bd3 d5 8.
exd5 cxd5 9. O-O O-O 10. Bg5 c6 11. Qf3 Bd6 12. h3 h6 13. Bf4 Be6 14. Rfe1 Rb8
15. b3 c5 16. Rad1 Bxf4 17. Qxf4 Qa5 18. Qd2 Qc7 19. Be2 Rfd8 20. Bf3 Kf8 21.
Ne2 Bf5 22. Nf4 d4 23. Nd3 Re8 24. Nb2 Be4 25. Be2 Nd5 26. Bd3 Nc3 27. Ra1 Re6
28. f3 Bd5 29. Rxe6 Bxe6 30. a4 Qg3 31. Qf2 Qf4 32. Re1 Re8 33. Bc4 Bf5 34.
Rxe8+ Kxe8 35. Nd3 Bxd3 36. Bxd3 g5 37. g3 Qc1+ 38. Kh2 Nd5 39. Be4 Ne3 40. Bd3
Qd1 41. g4 Nd5 42. Kg3 Nf4 43. Bf1 Kd7 44. a5 Kc6 45. Bc4 f6 46. Kh2 Qa1 47.
Qd2 Qc3 48. Qxc3 dxc3 49. Kg3 Kd6 50. h4 Ke5 51. hxg5 hxg5 52. Kf2 Kd4 53. a6
Ng6 54. Bb5 Ne7 55. Be8 Nd5 56. Bg6 Nb4 57. f4 Nxa6 58. Kf3 Nb4 59. fxg5 fxg5
60. Bh7 Nd5 61. Bf5 Ne3 62. Bh7 a5 63. Bg6 c4 64. bxc4 Nxc4 65. Be8 Nb2 0-1

[Event "Karposh Open  2012"]
[Site "Skopje MKD"]
[Date "2012.04.08"]
[Round "3.19"]
[White "Antic, Dejan"]
[Black "Zupe, Miran"]
[Result "1-0"]
[WhiteElo "2513"]
[BlackElo "2336"]
[PlyCount "54"]
[EventDate "2012.04.07"]
[EventType "swiss"]
[EventRounds "9"]
[Source "lmi"]
[SourceDate "2012.04.07"]

1. d4 Nf6 2. c4 e6 3. Nf3 d5 4. g3 Bb4+ 5. Bd2 Be7 6. Bg2 O-O 7. O-O c6 8. Qc2
Nbd7 9. b3 b6 10. Rd1 Bb7 11. Nc3 Rc8 12. e4 dxe4 13. Ng5 c5 14. dxc5 Bxc5 15.
Ncxe4 Bxe4 16. Nxe4 Qe7 17. Bf4 e5 18. Nxc5 Nxc5 19. Bg5 Ncd7 20. Bh3 Rcd8 21.
Qf5 h6 22. Be3 g6 23. Qc2 Kg7 24. Qd2 Rh8 25. Rac1 Ne4 26. Qc2 Ndf6 27. Bg2 Ng5
1-0

[Event "Karposh Open  2012"]
[Site "Skopje MKD"]
[Date "2012.04.08"]
[Round "3.21"]
[White "Hunt, Adam C"]
[Black "Markidis, Konstantinos"]
[Result "1-0"]
[WhiteElo "2454"]
[BlackElo "2284"]
[PlyCount "81"]
[EventDate "2012.04.07"]
[EventType "swiss"]
[EventRounds "9"]
[Source "lmi"]
[SourceDate "2012.04.07"]

1. e4 e6 2. d4 d5 3. Nc3 Nf6 4. Bg5 Bb4 5. e5 h6 6. Bd2 Bxc3 7. bxc3 Ne4 8. Qg4
Kf8 9. Bd3 Nxd2 10. Kxd2 c5 11. h4 c4 12. Be2 Nc6 13. Rh3 Bd7 14. Rf3 Ne7 15.
Nh3 Nf5 16. h5 b5 17. Qf4 Be8 18. g4 Ne7 19. Rg1 a5 20. g5 Nf5 21. Qg4 hxg5 22.
Nxg5 Ra7 23. Ne4 Qh4 24. Qxh4 Nxh4 25. Rf4 Nf5 26. Nc5 Ke7 27. Bg4 g6 28. hxg6
fxg6 29. Bxf5 exf5 30. Rf3 Rh4 31. Rfg3 Rc7 32. Rxg6 Bxg6 33. Rxg6 Rxc5 34.
dxc5 b4 35. c6 Rh2 36. cxb4 axb4 37. Ke3 f4+ 38. Kf3 Rh3+ 39. Kxf4 Ra3 40. c7
Kd7 41. Rc6 1-0

[Event "Karposh Open  2012"]
[Site "Skopje MKD"]
[Date "2012.04.08"]
[Round "3.22"]
[White "Emiroglu, Cankut"]
[Black "Pacher, Milan"]
[Result "0-1"]
[WhiteElo "2214"]
[BlackElo "2402"]
[PlyCount "32"]
[EventDate "2012.04.07"]
[EventType "swiss"]
[EventRounds "9"]
[Source "lmi"]
[SourceDate "2012.04.07"]

1. e4 c6 2. d4 d5 3. Nc3 dxe4 4. Nxe4 Nd7 5. Nf3 Ngf6 6. Nxf6+ Nxf6 7. Bg5 Qb6
8. Bc4 Qb4+ 9. Nd2 Qxb2 10. Bxf6 gxf6 11. O-O Qxd4 12. c3 Qxc3 13. Qh5 e6 14.
Rae1 Qxd2 15. Bxe6 Bxe6 16. Rxe6+ Be7 0-1

[Event "Karposh Open  2012"]
[Site "Skopje MKD"]
[Date "2012.04.08"]
[Round "3.23"]
[White "Sedlak, Nikola"]
[Black "Glavinac, Goran"]
[Result "1-0"]
[WhiteElo "2593"]
[BlackElo "2201"]
[PlyCount "43"]
[EventDate "2012.04.07"]
[EventType "swiss"]
[EventRounds "9"]
[Source "lmi"]
[SourceDate "2012.04.07"]

1. e4 c6 2. d4 d5 3. e5 Bf5 4. h4 h5 5. c4 e6 6. Nc3 Ne7 7. Bg5 Qb6 8. Qd2 dxc4
9. Bxc4 Nd5 10. Nge2 Nd7 11. O-O f6 12. exf6 gxf6 13. Be3 Bd6 14. Bf4 Bxf4 15.
Nxf4 O-O-O 16. Bxd5 exd5 17. Rac1 Kb8 18. Ncxd5 cxd5 19. Nxd5 Qa5 20. Qf4+ Ka8
21. Nc7+ Kb8 22. b4 1-0

[Event "Karposh Open  2012"]
[Site "Skopje MKD"]
[Date "2012.04.08"]
[Round "3.24"]
[White "Muratet Casadevall, Albert"]
[Black "Drazic, Sinisa"]
[Result "0-1"]
[WhiteElo "2185"]
[BlackElo "2536"]
[PlyCount "64"]
[EventDate "2012.04.07"]
[EventType "swiss"]
[EventRounds "9"]
[Source "lmi"]
[SourceDate "2012.04.07"]

1. e4 c5 2. c3 a6 3. Nf3 e6 4. g3 d6 5. Bg2 Nf6 6. d3 Be7 7. O-O Nc6 8. Re1 O-O
9. a4 Rb8 10. Na3 b5 11. axb5 axb5 12. Bd2 e5 13. b4 cxb4 14. cxb4 Re8 15. Bc3
Bf8 16. d4 d5 17. Nxe5 Nxe5 18. dxe5 Nxe4 19. Qd4 Nxc3 20. Qxc3 d4 21. Qd2 Bf5
22. f4 d3 23. Rab1 f6 24. Kh1 fxe5 25. fxe5 Qb6 26. g4 Bg6 27. e6 Rbd8 28. Re5
Qd4 29. Rxb5 Rxe6 30. Bf3 Re2 31. Qg5 d2 32. Qxd8 Re1+ 0-1

[Event "Karposh Open  2012"]
[Site "Skopje MKD"]
[Date "2012.04.08"]
[Round "3.25"]
[White "Stamnov, Aleksander"]
[Black "Saric, Sinisa"]
[Result "0-1"]
[WhiteElo "2184"]
[BlackElo "2480"]
[PlyCount "69"]
[EventDate "2012.04.07"]
[EventType "swiss"]
[EventRounds "9"]
[Source "lmi"]
[SourceDate "2012.04.07"]

1. e4 d5 2. exd5 Qxd5 3. Nc3 Qa5 4. Nf3 Nf6 5. d4 Nc6 6. d5 Nb4 7. Bb5+ c6 8.
dxc6 bxc6 9. Bc4 Bf5 10. O-O Nxc2 11. Rb1 Nb4 12. Qb3 e6 13. a3 Bc2 14. axb4
Bxb3 15. bxa5 Bxc4 16. Re1 Bb4 17. Ne5 Bd5 18. a6 Nd7 19. Nxd7 Kxd7 20. Rd1 Ke7
21. Bd2 Rhb8 22. Rbc1 Bd6 23. Be3 Rb3 24. Na4 e5 25. Nc5 Rb5 26. b4 Rc8 27. Nb7
Bb8 28. Bc5+ Ke6 29. Ra1 g5 30. g4 h5 31. gxh5 Rh8 32. Ra3 Rxh5 33. Rc3 g4 34.
h3 f5 35. Kf1 0-1

[Event "Karposh Open  2012"]
[Site "Skopje MKD"]
[Date "2012.04.08"]
[Round "3.26"]
[White "Dorfanis, Ilarion"]
[Black "Krivokapic, Marko"]
[Result "0-1"]
[WhiteElo "2183"]
[BlackElo "2415"]
[PlyCount "90"]
[EventDate "2012.04.07"]
[EventType "swiss"]
[EventRounds "9"]
[Source "lmi"]
[SourceDate "2012.04.07"]

1. e4 c5 2. Nf3 d6 3. d4 cxd4 4. Nxd4 Nf6 5. Nc3 a6 6. Bg5 e6 7. f4 Nbd7 8. Qf3
Qc7 9. O-O-O b5 10. Bxf6 Nxf6 11. Bd3 Bb7 12. f5 b4 13. Nce2 e5 14. Nb3 Be7 15.
g4 d5 16. Ng3 Rc8 17. h4 dxe4 18. Nxe4 Nxe4 19. Bxe4 Qxc2+ 20. Bxc2 Bxf3 21. g5
h6 22. g6 fxg6 23. fxg6 O-O 24. Kb1 Bxh4 25. Nd2 Bxh1 26. Bb3+ Kh8 27. Rxh1 Rf4
28. Be6 Rc6 29. Bf7 Bf2 30. b3 Bd4 31. Nc4 Rcf6 32. Nd2 Bc3 33. Rc1 Rf2 34. Ne4
Rb2+ 35. Ka1 Rc2+ 36. Kb1 Rxc1+ 37. Kxc1 Rf1+ 38. Kc2 Bd4 39. Bc4 Rg1 40. Nd6
h5 41. Bd5 h4 42. Nf7+ Kg8 43. Nxe5+ Kf8 44. Nf3 Rg2+ 45. Nd2 Rg3 0-1

[Event "Karposh Open  2012"]
[Site "Skopje MKD"]
[Date "2012.04.08"]
[Round "3.27"]
[White "Nikolov, Sasho"]
[Black "Krstev, Emil"]
[Result "1-0"]
[WhiteElo "2397"]
[BlackElo "2173"]
[PlyCount "41"]
[EventDate "2012.04.07"]
[EventType "swiss"]
[EventRounds "9"]
[Source "lmi"]
[SourceDate "2012.04.07"]

1. d4 d5 2. c4 e5 3. dxe5 d4 4. Nf3 Nc6 5. g3 Bg4 6. Bg2 Qd7 7. O-O O-O-O 8.
Qb3 b6 9. Rd1 h5 10. Nc3 Bxf3 11. Bxf3 h4 12. Nb5 hxg3 13. hxg3 Kb8 14. Bf4 Qe6
15. c5 Nge7 16. Rac1 Nd5 17. cxb6 axb6 18. Nxd4 Nxd4 19. Rxd4 c6 20. e4 Nxf4
21. Qxb6+ 1-0

[Event "Karposh Open  2012"]
[Site "Skopje MKD"]
[Date "2012.04.08"]
[Round "3.28"]
[White "Ratkovic, Milovan"]
[Black "Dancevski, Orce"]
[Result "0-1"]
[WhiteElo "2183"]
[BlackElo "2380"]
[PlyCount "62"]
[EventDate "2012.04.07"]
[EventType "swiss"]
[EventRounds "9"]
[Source "lmi"]
[SourceDate "2012.04.07"]

1. d4 Nf6 2. Nf3 e6 3. c4 d5 4. Nc3 Be7 5. Bg5 Nbd7 6. cxd5 exd5 7. Qc2 c6 8.
e3 O-O 9. Bd3 Re8 10. O-O-O Nf8 11. h3 Be6 12. g4 N6d7 13. Bxe7 Qxe7 14. Kb1
Qf6 15. Bf5 g6 16. Bxe6 fxe6 17. Ne1 e5 18. dxe5 Nxe5 19. g5 Qf7 20. Ng2 Rad8
21. h4 Ne6 22. h5 gxh5 23. Nh4 Ng7 24. Rdg1 Rd6 25. Rg3 Rde6 26. Rhh3 Rf8 27.
f4 Ng4 28. Nd1 d4 29. Nf3 Nxe3 30. Nxe3 dxe3 31. g6 hxg6 0-1

[Event "Karposh Open  2012"]
[Site "Skopje MKD"]
[Date "2012.04.08"]
[Round "3.31"]
[White "Stojanovic, Andjelija"]
[Black "Vladimirov, Vladimir"]
[Result "0-1"]
[WhiteElo "2324"]
[BlackElo "2162"]
[PlyCount "68"]
[EventDate "2012.04.07"]
[EventType "swiss"]
[EventRounds "9"]
[Source "lmi"]
[SourceDate "2012.04.07"]

1. c4 g6 2. g3 Bg7 3. Bg2 c5 4. Nf3 Nc6 5. O-O d6 6. Nc3 Nf6 7. d4 cxd4 8. Nxd4
Bd7 9. Nxc6 Bxc6 10. e4 O-O 11. Be3 a5 12. Bd4 a4 13. b4 axb3 14. axb3 Qc7 15.
Qd3 Nd7 16. Bxg7 Kxg7 17. Qd4+ e5 18. Qe3 b6 19. b4 Rxa1 20. Rxa1 Ra8 21. Rd1
Ba4 22. Nxa4 Rxa4 23. Qb3 Ra8 24. Qd3 Nf6 25. Bf1 Ne8 26. Qd5 Ra3 27. Kg2 Rc3
28. Ra1 Nf6 29. Qa8 Qd7 30. Ra7 Qg4 31. Qb7 Qf3+ 32. Kg1 Ng4 33. Ra2 Rc1 34.
Qd5 Ne3 0-1

[Event "Karposh Open  2012"]
[Site "Skopje MKD"]
[Date "2012.04.08"]
[Round "3.33"]
[White "Piskur, Mitja"]
[Black "Vachev, Vladimir"]
[Result "0-1"]
[WhiteElo "2303"]
[BlackElo "2152"]
[PlyCount "72"]
[EventDate "2012.04.07"]
[EventType "swiss"]
[EventRounds "9"]
[Source "lmi"]
[SourceDate "2012.04.07"]

1. d3 Nc6 2. e4 e5 3. Nf3 Nf6 4. g3 Bc5 5. Bg2 d5 6. exd5 Nxd5 7. O-O O-O 8. a3
a5 9. Nbd2 Bg4 10. Ne4 Be7 11. h3 Bh5 12. c4 Nb6 13. Be3 Nd4 14. Bxd4 exd4 15.
Qc2 c5 16. Rae1 Qc7 17. Nh2 f5 18. Nd2 Bd6 19. Bf3 Bf7 20. Re2 Rfe8 21. Rfe1
Rxe2 22. Rxe2 Re8 23. Nb3 Rxe2 24. Qxe2 Nd7 25. Bd5 Nf6 26. Bxf7+ Kxf7 27. Nf3
h6 28. Nh4 a4 29. Nd2 g6 30. Ndf3 b6 31. Nxg6 Kxg6 32. Qe6 Bxg3 33. Kg2 Qd6 34.
Qe2 Bf4 35. Nh4+ Kf7 36. Qf3 Ke6 0-1

[Event "Karposh Open  2012"]
[Site "Skopje MKD"]
[Date "2012.04.08"]
[Round "3.34"]
[White "Hristovski, Srdzan"]
[Black "Djingarova, Emilia"]
[Result "1/2-1/2"]
[WhiteElo "2138"]
[BlackElo "2296"]
[PlyCount "27"]
[EventDate "2012.04.07"]
[EventType "swiss"]
[EventRounds "9"]
[Source "lmi"]
[SourceDate "2012.04.07"]

1. d4 Nf6 2. c4 c5 3. Nf3 cxd4 4. Nxd4 e5 5. Nb5 d5 6. cxd5 Bb4+ 7. Bd2 Bc5 8.
Qc2 Na6 9. e3 O-O 10. Be2 Nxd5 11. a3 Be6 12. O-O Qe7 13. N1c3 Nxc3 14. Nxc3
1/2-1/2

[Event "Karposh Open  2012"]
[Site "Skopje MKD"]
[Date "2012.04.08"]
[Round "3.35"]
[White "Nikolova, Adriana"]
[Black "Yurtseven, Melih"]
[Result "1-0"]
[WhiteElo "2293"]
[BlackElo "2147"]
[PlyCount "61"]
[EventDate "2012.04.07"]
[EventType "swiss"]
[EventRounds "9"]
[Source "lmi"]
[SourceDate "2012.04.07"]

1. e4 d6 2. d4 Nf6 3. Nc3 g6 4. h3 a6 5. a4 Bg7 6. Be3 O-O 7. g4 c5 8. Nge2 Nc6
9. Bg2 cxd4 10. Nxd4 Ne5 11. b3 Bxg4 12. hxg4 Nfxg4 13. Qd2 Nxe3 14. Qxe3 Qa5
15. Qd2 Nc6 16. Nde2 Rac8 17. Rh3 Nb4 18. Rc1 Qd8 19. Nd5 Nc6 20. c4 Ne5 21.
Qg5 Re8 22. f4 Nd7 23. Kf2 Nf8 24. Rch1 f6 25. Qg4 e6 26. Ne3 Qb6 27. f5 exf5
28. exf5 Rxe3 29. Rxe3 Re8 30. Bd5+ Kh8 31. Nd4 1-0

[Event "Karposh Open  2012"]
[Site "Skopje MKD"]
[Date "2012.04.08"]
[Round "3.37"]
[White "Arat, Ufuk Sezen"]
[Black "Andonovski, Ljubisa"]
[Result "1-0"]
[WhiteElo "2089"]
[BlackElo "2291"]
[PlyCount "65"]
[EventDate "2012.04.07"]
[EventType "swiss"]
[EventRounds "9"]
[Source "lmi"]
[SourceDate "2012.04.07"]

1. e4 c6 2. d4 d5 3. Nd2 dxe4 4. Nxe4 Bf5 5. Ng3 Bg6 6. h4 h6 7. Nf3 Nd7 8. h5
Bh7 9. Bd3 Bxd3 10. Qxd3 e6 11. Bd2 Ngf6 12. O-O-O Be7 13. Ne4 Nxe4 14. Qxe4
Nf6 15. Qe2 Qd5 16. Kb1 Qe4 17. Qxe4 Nxe4 18. Be3 f5 19. Nd2 Nf6 20. f3 O-O 21.
Nc4 Rfd8 22. Bf2 Nd7 23. Na5 Bb4 24. Nxb7 Rdb8 25. Nc5 Nxc5 26. dxc5 Rb5 27. c4
Rb7 28. Kc2 Kf7 29. Rd6 Rc8 30. Rhd1 Ke7 31. a3 Ba5 32. Bh4+ Kf7 33. b4 1-0

[Event "Karposh Open  2012"]
[Site "Skopje MKD"]
[Date "2012.04.08"]
[Round "3.38"]
[White "Okilj, Tigran"]
[Black "Simjanovski, Saso"]
[Result "0-1"]
[WhiteElo "2083"]
[BlackElo "2288"]
[PlyCount "57"]
[EventDate "2012.04.07"]
[EventType "swiss"]
[EventRounds "9"]
[Source "lmi"]
[SourceDate "2012.04.07"]

1. d4 g6 2. c4 Bg7 3. Nc3 d6 4. Nf3 Nd7 5. e4 e5 6. Be2 Ne7 7. d5 h6 8. g4 Nf6
9. h3 Bd7 10. Be3 c5 11. dxc6 Bxc6 12. Nd2 h5 13. g5 Nh7 14. b4 b6 15. Nb3 f5
16. gxf6 Nxf6 17. f3 O-O 18. Qd2 a5 19. b5 a4 20. Nc1 Bb7 21. Bd1 a3 22. Na4
Nc8 23. Rg1 Nxe4 24. fxe4 Bxe4 25. Ne2 Bf5 26. Ng3 Bxh3 27. Nc3 e4 28. Rc1 Ne7
29. Nxh5 0-1

[Event "Karposh Open  2012"]
[Site "Skopje MKD"]
[Date "2012.04.08"]
[Round "3.39"]
[White "Vasovski, Nikola"]
[Black "Kacakovski, Dimitar"]
[Result "0-1"]
[WhiteElo "2279"]
[BlackElo "2128"]
[PlyCount "68"]
[EventDate "2012.04.07"]
[EventType "swiss"]
[EventRounds "9"]
[Source "lmi"]
[SourceDate "2012.04.07"]

1. d4 Nf6 2. c4 e6 3. Nc3 d5 4. cxd5 exd5 5. Bg5 c6 6. Qc2 Nbd7 7. e3 Be7 8.
Bd3 O-O 9. h3 Re8 10. Bf4 Nf8 11. Nf3 Ng6 12. Bh2 Bd6 13. Bxd6 Qxd6 14. O-O-O
b5 15. g4 b4 16. Na4 Nd7 17. Kb1 a5 18. Qd2 Rb8 19. Rhg1 Qf6 20. Rg3 Nb6 21.
Nc5 Nd7 22. Rc1 a4 23. Nxa4 Ra8 24. Qxb4 Ba6 25. Bxa6 Rxa6 26. Qb7 Rxa4 27.
Qxd7 Rea8 28. Rxc6 Nf8 29. Qxd5 Qe7 30. Ne5 Rxa2 31. Qd6 Qb7 32. Rb6 Qe4+ 33.
Kc1 Ra1+ 34. Kd2 Qb1 0-1

[Event "Karposh Open  2012"]
[Site "Skopje MKD"]
[Date "2012.04.08"]
[Round "3.40"]
[White "Matijevic, Filip"]
[Black "Drljevic, Ljilja"]
[Result "1-0"]
[WhiteElo "2061"]
[BlackElo "2278"]
[PlyCount "63"]
[EventDate "2012.04.07"]
[EventType "swiss"]
[EventRounds "9"]
[Source "lmi"]
[SourceDate "2012.04.07"]

1. e4 g6 2. d4 c6 3. c3 Bg7 4. f4 d5 5. e5 h5 6. Nd2 Nh6 7. Ndf3 Qb6 8. Qb3 Qc7
9. Be3 a5 10. c4 dxc4 11. Bxc4 b5 12. Bd3 Na6 13. Rc1 Be6 14. Qc3 Rc8 15. a3
O-O 16. Ng5 Bd5 17. N1f3 f6 18. Ne4 g5 19. O-O Ng4 20. Bd2 gxf4 21. Bxf4 fxe5
22. Bxe5 Nxe5 23. dxe5 Rf4 24. Neg5 h4 25. Bh7+ Kh8 26. Qd3 Bxe5 27. Qg6 Rf6
28. Qh5 Kg7 29. Nxh4 Rh8 30. Kh1 Bf4 31. Nf5+ Rxf5 32. Qg6+ 1-0

[Event "Karposh Open  2012"]
[Site "Skopje MKD"]
[Date "2012.04.08"]
[Round "3.41"]
[White "Georgievski, Vanco"]
[Black "Hadzi - Manev, Ljubomir"]
[Result "1-0"]
[WhiteElo "2273"]
[BlackElo "2067"]
[PlyCount "57"]
[EventDate "2012.04.07"]
[EventType "swiss"]
[EventRounds "9"]
[Source "lmi"]
[SourceDate "2012.04.07"]

1. d4 Nf6 2. Nf3 e6 3. Bf4 c5 4. e3 cxd4 5. Nxd4 a6 6. c3 d6 7. Bg3 e5 8. Nf3
Be7 9. Nbd2 O-O 10. e4 Nbd7 11. Qc2 b5 12. Bh4 Bb7 13. Bxf6 Nxf6 14. Bd3 Qc7
15. O-O Nd7 16. Rfe1 Nc5 17. Bf1 g6 18. b4 Na4 19. c4 Nb6 20. Qb3 Qd7 21. Rac1
Rfc8 22. Qe3 Na4 23. Nb3 Rab8 24. Na5 Ba8 25. cxb5 axb5 26. Qd3 Qe6 27. a3 f6
28. Nd2 d5 29. exd5 1-0

[Event "Karposh Open  2012"]
[Site "Skopje MKD"]
[Date "2012.04.08"]
[Round "3.42"]
[White "Markovski, Velo"]
[Black "Veleski, Robert"]
[Result "0-1"]
[WhiteElo "2040"]
[BlackElo "2267"]
[PlyCount "60"]
[EventDate "2012.04.07"]
[EventType "swiss"]
[EventRounds "9"]
[Source "lmi"]
[SourceDate "2012.04.07"]

1. e4 c5 2. Nf3 Nc6 3. Bc4 d6 4. c3 Nf6 5. d3 g6 6. Qb3 e6 7. Bg5 h6 8. Bh4 Bg7
9. Nbd2 a6 10. a4 g5 11. Bg3 d5 12. h4 g4 13. Ne5 O-O 14. Nxc6 bxc6 15. Qa2
dxc4 16. Qxc4 Nh5 17. Nb3 Nxg3 18. fxg3 Rb8 19. O-O Qd6 20. Rf4 e5 21. Rf2 Be6
22. Qxc5 Qxd3 23. Na5 Qxg3 24. Nxc6 Ra8 25. Ne7+ Kh7 26. Nf5 Bxf5 27. exf5 Qxh4
28. Qc4 Bf6 29. g3 Qxg3+ 30. Rg2 Qf4 0-1

[Event "Karposh Open  2012"]
[Site "Skopje MKD"]
[Date "2012.04.08"]
[Round "3.45"]
[White "Ilic, Zoran"]
[Black "Spirliadis, Achileas"]
[Result "1-0"]
[WhiteElo "2252"]
[BlackElo "2053"]
[PlyCount "93"]
[EventDate "2012.04.07"]
[EventType "swiss"]
[EventRounds "9"]
[Source "lmi"]
[SourceDate "2012.04.07"]

1. Nf3 Nf6 2. g3 g6 3. Bg2 Bg7 4. O-O O-O 5. c4 d6 6. Nc3 e5 7. b4 Nbd7 8. Rb1
a5 9. a3 Re8 10. d3 h6 11. Nd2 axb4 12. axb4 Nh5 13. e4 Nf8 14. Nb3 Ne6 15. Be3
Nf6 16. f3 c6 17. d4 exd4 18. Nxd4 Nxd4 19. Bxd4 Be6 20. c5 dxc5 21. bxc5 Qa5
22. Qc1 Red8 23. Ne2 Nd7 24. Bxg7 Kxg7 25. Rxb7 Nxc5 26. Rb1 Qa7 27. Qc3+ Kg8
28. Kh1 Nd3 29. Nf4 Ba2 30. Nxd3 Bxb1 31. Ne5 Ba2 32. Qxc6 Qa6 33. Qc1 Qf6 34.
Ng4 Qg7 35. Nxh6+ Kh7 36. Ng4 Rac8 37. Qf4 Rc6 38. e5 Rc4 39. Nf6+ Kh8 40. Qg5
Qf8 41. f4 Kg7 42. Ng4 Kg8 43. f5 Rxg4 44. Qxg4 Qh6 45. e6 fxe6 46. fxe6 Re8
47. Qa4 1-0

[Event "Karposh Open  2012"]
[Site "Skopje MKD"]
[Date "2012.04.08"]
[Round "3.49"]
[White "Djukic, Sandra"]
[Black "Jonoska, Katerina"]
[Result "1-0"]
[WhiteElo "2203"]
[BlackElo "1982"]
[PlyCount "74"]
[EventDate "2012.04.07"]
[EventType "swiss"]
[EventRounds "9"]
[Source "lmi"]
[SourceDate "2012.04.07"]

1. d4 Nf6 2. c4 e6 3. Nc3 Bb4 4. Bd2 Bxc3 5. Bxc3 Ne4 6. Qc2 Nxc3 7. Qxc3 f5 8.
g3 d6 9. Bg2 Qe7 10. Nf3 Nd7 11. Qc2 O-O 12. O-O Rb8 13. b4 b6 14. Nd2 Nf6 15.
e3 e5 16. c5 Bb7 17. Bxb7 Rxb7 18. Qxf5 exd4 19. exd4 dxc5 20. dxc5 bxc5 21.
bxc5 Rb2 22. Nc4 Re2 23. Qf3 Qe4 24. Qb3 Kh8 25. Ne3 Qf3 26. Ng2 Ne4 27. Qxf3
Rxf3 28. Nf4 Rc2 29. Rae1 Rc4 30. Kg2 Rfc3 31. Nd5 Ra3 32. Nxc7 h6 33. Nb5 Ra5
34. Nd6 Nxd6 35. cxd6 Rd4 36. Rd1 Rad5 37. Rxd4 Rxd4 1-0